Statistics for Questions on Botswana

Click here to take the quiz!

General Stats

  • This quiz has been taken 29 times
    (27 since last reset)
  • The average score is 4 of 15

Answer Stats

Botswana QuestionsAnswer% Correct
Is there more cows than people in BotswanaYes
76%
Name the desert found in the center of the countryKalahari desert
67%
What is the capital of BotswanaGaborone
62%
What is the most spoken language in the countrySetswana
43%
Rounded off how many people are in botswana2 Million
33%
Name the river in the north by the ZambeziChobe
29%
What is the name of the most rich diamond mine in the worldJwaneng
29%
Name the second most spoken language minus englishKalanga
19%
Name the most found mamal in the country in setswanaTlou
14%
Name the offcial animal of the country in setswanaPitse Ya Naga
10%
What is the river flows through the capitalSegoditshane
5%
What is the third largest citySelibi Phikwe
5%
How long is botswana's boarder with Zambia5KM
0%
How long is botswana's boarder with AngolaOKM
0%
Name the river that feeds the delta in the northOkovango River
0%

Score Distribution

Percentile by Number Answered

Percent of People with Each Score

Your Score History

You have not taken this quiz since the last reset